Zrkadlo spoločenského vývoja 90 rokov čs. kinematografie - 10

Bibliographic Details
Main Author: Klimeš, Ivan (Author)
Format: Article
Language:Slovak
PhysicalDescription:Fot. 1.
Subjects:

MARC

LEADER 00000nab a2200000 a 4500
001 vtls000341810
003 SK-MaSNL
005 20260302230220.0
008 160201c1989 xo 0 slo
015 |a SNBRB19rr/mm-uuuuu 
035 |a CL0341932 
040 |a SNKBUCL  |b slo  |c SNKBUCL  |e AACR2 
041 0 |a slo 
044 |a xo  |c SK 
080 |a 791.43(437.1/.2)  |2 1981 
100 1 |a Klimeš, Ivan  |4 aut  |9 460595 
245 1 0 |a Zrkadlo spoločenského vývoja  |b 90 rokov čs. kinematografie - 10  |c Ivan Klimeš 
300 |b Fot. 1. 
650 0 7 |a kinematografia česká  |2 snkbucl  |9 956031 
655 7 |a články z novín a časopisov  |2 snkbucl  |9 267496 
773 0 |t Smena  |g Roč. 42, č. 21 (25. 1. 1989), s. 6 
850 |a Slovenská národná knižnica v Martine  |a MTA001 
852 |a SNK  |b KIS3GCP 
958 |a RK 
958 |a CZ 
992 |a RBX 
999 |c 1532721  |d 1534651